<?xml version="1.0" encoding="UTF-8"?>
<record
    xmlns:xsi="http://www.w3.org/2001/XMLSchema-instance"
    xsi:schemaLocation="http://www.loc.gov/MARC21/slim http://www.loc.gov/standards/marcxml/schema/MARC21slim.xsd"
    xmlns="http://www.loc.gov/MARC21/slim">

  <leader>00855nam a2200241Ia 4500</leader>
  <controlfield tag="003">OSt</controlfield>
  <controlfield tag="005">20220923211548.0</controlfield>
  <controlfield tag="006">a|||||r|||| 00| 0</controlfield>
  <controlfield tag="007">ta</controlfield>
  <controlfield tag="008">Pun</controlfield>
  <datafield tag="020" ind1=" " ind2=" ">
    <subfield code="a">9789384138950 (hbk)</subfield>
    <subfield code="c">500</subfield>
  </datafield>
  <datafield tag="024" ind1=" " ind2=" ">
    <subfield code="a">324,090</subfield>
  </datafield>
  <datafield tag="037" ind1=" " ind2=" ">
    <subfield code="b">1009, 15/01/2018, H.K. Prakashan</subfield>
    <subfield code="c">Textual</subfield>
  </datafield>
  <datafield tag="040" ind1=" " ind2=" ">
    <subfield code="a">ARTS</subfield>
    <subfield code="c">ARTS</subfield>
    <subfield code="b">Pun</subfield>
  </datafield>
  <datafield tag="041" ind1=" " ind2=" ">
    <subfield code="2">Pun</subfield>
    <subfield code="a">Pun</subfield>
  </datafield>
  <datafield tag="082" ind1=" " ind2=" ">
    <subfield code="a">z7, 153Q6</subfield>
  </datafield>
  <datafield tag="100" ind1=" " ind2=" ">
    <subfield code="a">&#xA15;&#xA4C;&#xA30;&#xA4B;&#xA4D;&#xA35;, &#xA1C;&#xA4B;&#xA17;&#xA3F;&#xA70;&#xA26;&#xA30; &#xA38;&#xA3F;&#xA70;&#xA18;, &#xA02;&#xA1A;.</subfield>
    <subfield code="9">159445</subfield>
  </datafield>
  <datafield tag="245" ind1=" " ind2="0">
    <subfield code="a">&#xA35;&#xA3E;&#xA26;-&#xA15;&#xA4B;F* &#xA38;&#xA3E;&#xA39;&#xA3F;&#xA24;, &#xA15;&#xA32;&#xA3E; &#xA05;&#xA24;&#xA47; &#xA35;&#xA3F;&#xA17;&#xA3F;&#xA06;&#xA28;</subfield>
  </datafield>
  <datafield tag="260" ind1=" " ind2=" ">
    <subfield code="a">&#xA05;&#xA70;&#xA2E;&#xA4D;&#xA30;&#xA3F;&#xA24;&#xA38;&#xA30;</subfield>
    <subfield code="b">  &#xA15;&#xA47;. &#xA1C;&#xA40;.&#xA17;&#xA4D;&#xA30;&#xA3E;&#xA16;&#xA3C;&#xA3F;&#xA15;&#xA38;</subfield>
    <subfield code="c">2016</subfield>
  </datafield>
  <datafield tag="300" ind1=" " ind2=" ">
    <subfield code="a">412&#xA2A;&#xA70;</subfield>
    <subfield code="c">cm.</subfield>
  </datafield>
  <datafield tag="942" ind1=" " ind2=" ">
    <subfield code="h">z7, 153Q6</subfield>
    <subfield code="c">TEXL</subfield>
    <subfield code="2">CC</subfield>
  </datafield>
  <datafield tag="999" ind1=" " ind2=" ">
    <subfield code="c">300798</subfield>
    <subfield code="d">300798</subfield>
  </datafield>
  <datafield tag="952" ind1=" " ind2=" ">
    <subfield code="0">0</subfield>
    <subfield code="1">0</subfield>
    <subfield code="4">0</subfield>
    <subfield code="7">0</subfield>
    <subfield code="a">ARTS</subfield>
    <subfield code="b">CRL</subfield>
    <subfield code="d">2022-09-23</subfield>
    <subfield code="e">1009, 15/01/2018, H.K. Prakashan</subfield>
    <subfield code="g">500.00</subfield>
    <subfield code="l">4</subfield>
    <subfield code="m">1</subfield>
    <subfield code="o">z7 153Q6</subfield>
    <subfield code="p">AL1631029</subfield>
    <subfield code="q">2024-10-31</subfield>
    <subfield code="r">2026-01-07 11:43:23</subfield>
    <subfield code="s">2026-01-07</subfield>
    <subfield code="v">500.00</subfield>
    <subfield code="w">2022-09-23</subfield>
    <subfield code="y">TEXL</subfield>
  </datafield>
</record>
